Cyclisme : Effectif 2024 de la Q36.5 Pro Cycling Team - Statistiques

Statistiques générales
  • Ce quiz a été pris 9 fois
  • Le résultat moyen est 10 sur 27
Statistiques - réponses
Pays Reprensenté Coureur % Correct
Espagne David De La Cruz
100%
Australie Damien Howson
75%
Suisse Fabio Christen
63%
Italie Matteo Moschetti
63%
Royaume-Uni Mark Donovan
50%
Australie Cyrus Monk
38%
Belgique Frederik Frison
38%
Italie Giacomo Nizzolo
38%
Allemagne Jannik Steimle
38%
Pologne Kamil Malecki
38%
Canada Nickolas Zukowsky
38%
Irlande Rory Townsend
38%
Suede Tobias Ludvigsson
38%
Belgique Tom Devriendt
38%
Italie Walter Calzoni
38%
Espagne Xabier Azparren
38%
Norvège Carl Frederik Hagen
25%
Italie Gianluca Brambilla
25%
Espagne Marcel Camprubi
25%
Suisse Matteo Badilatti
25%
Éthiopie Negasi Haylu Abreha
25%
Italie Nicolo Parisini
25%
Pologne Szymon Sajnok
25%
Italie Alessandro Fancellu
13%
Italie Filippo Conca
13%
États-Unis Joseph Rosskopf
13%
Australie James Whelan
0%
Aucun quiz correspondant
Distribution des résultats
% des personnes avec chaque résultat
Percentile par nombre de réponses
Votre historique - résultats
Vous n’avez pas pris ce quiz